Formule 1 - Moteurs - Statistiques

Statistiques générales
  • Ce quiz a été pris 1 584 fois
    101 depuis la dernière actualisation
  • Le résultat moyen est 15 sur 68
Statistiques - réponses
Nb de Saisons Constructeurs Moteurs % Correct
2 Racing Point BWT Mercedes
100%
35 McLaren, Mercedes, Force India... Mercedes
100%
76 Ferrari, Sauber, Toro Rosso... Ferrari
99%
32 McLaren, BAR, Honda... Honda
97%
44 Renault, Williams, Red Bull... Renault
97%
5 McLaren, Brabham, Stebro.. Ford
70%
38 Tyrrell, Lotus, McLaren... Ford Cosworth
70%
21 Williams, Brabham, BMW Sauber BMW
60%
1 Audi Audi
53%
8 Porsche, Footwork Porsche
52%
8 Toyota, Williams, Jordan... Toyota
50%
7 Jordan, Prost, McLaren Peugeot
49%
19 Maserati, Cooper, JBW... Maserati
48%
21 Alfa Romeo, Osella, Brabham... Alfa Romeo
44%
2 Aston Martin Aston Martin
34%
22 BRM, Lotus, Brabham... BRM
30%
5 Lola, Venturi, Lotus... Lamborghini
28%
1 Sauber Sauber
28%
6 HRT, Williams, Marussia... Cosworth
27%
10 Ligier, Matra, Shadow Matra
27%
2 Arrows Arrows
25%
2 Lancia Lancia
25%
7 Vanwall Vanwall
25%
5 McLaren TAG Porsche
19%
1 Life Life
16%
1 Osella Osella
16%
4 Red Bull, AlphaTauri, Racing Bulls Red Bull Powertrains
16%
7 Gordini, Simca Gordini
15%
1 Ferrari Jaguar
14%
7 OSCA, De Tomaso, Maserati... OSCA
14%
2 Talbot Lago Talbot
14%
2 ERA ERA
13%
1 Scarab Scarab
11%
4 Zakspeed Zakspeed
11%
3 A-T-S, Cooper A-T-S
10%
13 Lotus, Cooper, Brabham... Climax
9%
5 Brabham, March, Lotus... Judd
9%
8 Tyrrell, Arrows, Jordan... Yamaha
9%
1 EMW EMW
7%
1 Williams Mecachrome
7%
2 Tecno Tecno
7%
9 Jordan, Ligier, Footwork... Mugen Honda
6%
1 Prost Acer
5%
3 Red Bull TAG Heuer
5%
3 Veritas Veritas
5%
11 Toleman, Footwork, Jordan... Hart
3%
4 Leyton House, Tyrrell, March... Ilmor
3%
3 Arrows, Minardi Asiatech
2%
2 Arrows, Ligier Megatron
2%
3 Minardi, AGS Motori Moderni
2%
9 Sauber Petronas
2%
3 Benetton Playlife
2%
4 Brabham, LDS Repco
2%
2 Arrows, BAR, Williams Supertec
2%
10 HWM, Connaught, Cooper Alta
1%
6 Cooper, Frazer Nash, ERA... Bristol
1%
1 Cooper Castellotti
1%
3 Eagle Weslake
1%
1 Cooper Borgward
0%
1 Aston Butterworth
0%
1 De Tomaso Conrero
0%
1 Minardi European
0%
1 Minardi Fondmetal
0%
1 Cooper JAP
0%
1 AMW Küchen
0%
3 Connaught Lea Francis
0%
1 Lotus Pratt & Whitney
0%
1 McLaren Serenissima
0%
Aucun quiz correspondant
Distribution des résultats
% des personnes avec chaque résultat
Percentile par nombre de réponses
Votre historique - résultats
Vous n’avez pas pris ce quiz depuis la dernière actualisation